000 00651nam a2200229 4500
001 12692
003 ES-MaACL
005 20250815164338.0
007 t|
008 000000s1984 sp ||||0| spa j
016 7 _zIBH8505907604
040 _aIBH
_bspa
_cM-BN-DP
080 _a297.131
110 2 _aHammudah Abdalati.
_94557
245 1 0 _aLuces sobre El Islam /
_cHammudah Abdalati.
260 _aMadrid :
_bCentro Islámico en España,
_cD.L. 1984.
300 _a374 p ;
_c21 cm.
650 7 _aIslamismo
_2embne
_913903
710 2 _aCentro Islámico de España.
_92751
852 _aES-MaACL
_jL-20114
_bR.112032
999 _c12692
_d12692